[Event "GER-ch 93rd"]
[Site "Magdeburg"]
[Date "2022.08.16"]
[Round "3"]
[White "Gungl, Theo"]
[Black "Feidt, Jonas"]
[Result "1-0"]
[WhiteElo "2366"]
[BlackElo "1901"]
[EventDate "2022.08.14"]
[PlyCount "57"]

1. d4 Nf6 2. c4 e6 3. Nc3 Bb4 4. e3 O-O 5. Bd2 c5 6. a3 Bxc3 7. Bxc3 Ne4 8. Ne2 d6 9. dxc5 dxc5 10. Qc2 Nxc3 11. Nxc3 Nc6 12. Bd3 h6 13. O-O-O Qe7 14. h4 b6 15. g4 Ne5 16. Be2 Bb7 17. Rh3 f5 18. gxf5 exf5 19. Rg1 Qe6 20. Rhg3 Rf7 21. Nd5 Bxd5 22. cxd5 Qd6 23. Bh5 Rd7 24. f4 Qxd5 25. fxe5 Qxe5 26. Bg6 f4 27. Qc4+ Kh8 28. Qxf4 Qd5 29. Bc2 1-0

[Event "GER-ch 93rd"]
[Site "Magdeburg"]
[Date "2022.08.16"]
[Round "3"]
[White "Hourigan, Gerrit"]
[Black "Braun, Georg"]
[Result "0-1"]
[WhiteElo "2306"]
[BlackElo "2398"]
[EventDate "2022.08.14"]
[PlyCount "172"]

1. Nf3 Nf6 2. c4 c5 3. g3 g6 4. Bg2 Bg7 5. O-O O-O 6. d4 d6 7. Nc3 Nc6 8. e3 Bf5 9. b3 Ne4 10. Ne2 Bg4 11. h3 Bxf3 12. Bxf3 Ng5 13. Bg2 Ne6 14. Bb2 cxd4 15. Bxc6 bxc6 16. Nxd4 Qd7 17. Nxe6 Qxe6 18. Bxg7 Kxg7 19. Qd4+ Kg8 20. h4 c5 21. Qf4 Kg7 22. Rfd1 a5 23. h5 f6 24. hxg6 hxg6 25. Kg2 Qf5 26. Qxf5 gxf5 27. Rab1 Rfb8 28. Rb2 a4 29. Rdb1 axb3 30. axb3 Kf7 31. b4 cxb4 32. Rxb4 Rc8 33. R1b2 Ra7 34. Rd2 Rac7 35. Rd4 Rc6 36. Rf4 Rc5 37. g4 fxg4 38. Rxg4 e5 39. Rh4 Ke6 40. Kf3 R5c7 41. Ra4 Rg8 42. Ra6 Rg1 43. Ke2 Rb1 44. Ra2 Rb3 45. Kd2 Rc6 46. Rc2 Kf5 47. f3 Ra6 48. c5 dxc5 49. Re4 Ra5 50. Rec4 Raa3 51. Re4 Rd3+ 52. Ke2 Rdc3 53. Rxc3 Rxc3 54. Kd2 Ra3 55. Rc4 Ra5 56. Kd3 Ke6 57. Rc3 Kd5 58. e4+ Kc6 59. Rb3 Ra8 60. Kc4 Ra4+ 61. Kc3 Ra1 62. Kd3 Rd1+ 63. Kc2 Rf1 64. Kd2 c4 65. Rb8 Rxf3 66. Rc8+ Kb5 67. Rb8+ Kc5 68. Ke2 Ra3 69. Rd8 Ra6 70. Ke3 Rd6 71. Rc8+ Kb4 72. Rb8+ Kc3 73. Ra8 Kc2 74. Ra2+ Kb3 75. Ra8 c3 76. Rb8+ Kc2 77. Rc8 Kb2 78. Rb8+ Kc1 79. Ke2 c2 80. Rb7 Rd4 81. Rb6 Rxe4+ 82. Kd3 Rd4+ 83. Ke2 f5 84. Rb5 Re4+ 85. Kd3 Kd1 86. Ra5 Rd4+ 0-1

[Event "GER-ch 93rd"]
[Site "Magdeburg"]
[Date "2022.08.16"]
[Round "3"]
[White "Krassowizkij, Jaroslaw"]
[Black "Arnold, Max"]
[Result "1-0"]
[WhiteElo "2429"]
[BlackElo "2350"]
[EventDate "2022.08.14"]
[PlyCount "111"]

1. d4 d5 2. c4 e6 3. Nf3 a6 4. Nbd2 Nf6 5. g3 c5 6. Bg2 Nc6 7. cxd5 exd5 8. O-O Be7 9. dxc5 Bxc5 10. a3 O-O 11. b4 Ba7 12. Bb2 Re8 13. Rc1 Qe7 14. e3 Bg4 15. h3 Bf5 16. Nb3 Be4 17. Nc5 a5 18. Bxf6 Qxf6 19. b5 Bxc5 20. Rxc5 Qd6 21. Rc3 Qf6 22. Rc1 Ne5 23. Nxe5 Qxe5 24. Qa4 h5 25. Rfd1 h4 26. g4 Qb2 27. Bxe4 Rxe4 28. Qc2 Qxb5 29. Rb1 Qc6 30. Qb3 Ra4 31. Qxb7 Qxb7 32. Rxb7 Rd8 33. Rd3 Rc4 34. Ra7 a4 35. Rd4 Rc2 36. Raxa4 Rd6 37. g5 f5 38. Rf4 Kh7 39. Rxf5 Kg6 40. Re5 Ra2 41. Rxh4 Rxa3 42. Rd4 Ra5 43. Kg2 Kh5 44. Kg3 Rd8 45. Rg4 Kg6 46. Rd4 Kh5 47. Kg2 Rc5 48. h4 Rd7 49. Kg3 Rd8 50. Re7 Rg8 51. Rd7 Rb5 52. R7xd5 Rxd5 53. Rxd5 g6 54. f4 Re8 55. Kf3 Kxh4 56. Rd1 1-0

[Event "GER-ch 93rd"]
[Site "Magdeburg"]
[Date "2022.08.16"]
[Round "3"]
[White "Miller, Eduard"]
[Black "Carlstedt, Jonathan"]
[Result "0-1"]
[WhiteElo "2353"]
[BlackElo "2439"]
[EventDate "2022.08.14"]
[PlyCount "108"]

1. d4 d5 2. c4 e6 3. Nc3 c5 4. cxd5 exd5 5. Nf3 Nf6 6. g3 Nc6 7. Bg2 cxd4 8. Nxd4 Bc5 9. Nb3 Bb6 10. O-O d4 11. Na4 O-O 12. Nxb6 axb6 13. Bg5 Re8 14. Re1 h6 15. Bxc6 bxc6 16. Bxf6 Qxf6 17. Qxd4 Qd8 18. Qc3 c5 19. Rad1 Qc7 20. a3 Ba6 21. Rd2 Re7 22. Nc1 Rae8 23. Nd3 g5 24. Qf6 Re6 25. Qf5 Bc8 26. e4 Qc6 27. e5 Bb7 28. f3 Qxf3 29. Qxf3 Bxf3 30. Kf2 Bb7 31. Rde2 Ba6 32. Rd2 Kg7 33. g4 Rd8 34. Red1 Rd4 35. Kg3 Re4 36. Rf2 Bb7 37. Re1 Re7 38. Rf6 Rd7 39. Rd6 Rxd6 40. exd6 Rd4 41. Re3 Rxd6 42. h4 Ba6 43. Nf2 gxh4+ 44. Kxh4 Rd2 45. Ne4 Rxb2 46. Nd6 Bf1 47. Re1 Bd3 48. Re7 Kf6 49. Rc7 Ke5 50. Nc8 f5 51. gxf5 Kf4 52. Kh5 Bxf5 53. Kxh6 Rh2+ 54. Kg7 Rh7+ 0-1

[Event "GER-ch 93rd"]
[Site "Magdeburg"]
[Date "2022.08.16"]
[Round "3"]
[White "Pahl, Erik"]
[Black "Krastev, Alexander"]
[Result "0-1"]
[WhiteElo "2203"]
[BlackElo "2428"]
[EventDate "2022.08.14"]
[PlyCount "78"]

1. e4 c5 2. Nf3 Nc6 3. d4 cxd4 4. Nxd4 Nf6 5. Nc3 e6 6. Ndb5 Bc5 7. Bf4 O-O 8. Bd6 Bxd6 9. Nxd6 a6 10. a4 Ne8 11. Nxe8 Rxe8 12. Qd6 Qb6 13. O-O-O Qxf2 14. Kb1 Qf6 15. Bc4 Qe5 16. Qd2 Rb8 17. Rhf1 b5 18. axb5 axb5 19. Bb3 Na5 20. Qd6 Qxd6 21. Rxd6 Nc6 22. g4 Ne5 23. g5 Kf8 24. h4 Ke7 25. Rd2 Rb6 26. Kc1 Bb7 27. Kd1 Ra8 28. Ke2 b4 29. Na4 Rxa4 30. Bxa4 Ba6+ 31. Kf2 Bxf1 32. Kxf1 Rd6 33. Rh2 Nc4 34. Ke1 Rd4 35. Re2 Nxb2 36. Bb3 Nd1 37. Rd2 Rxd2 38. Kxd2 Nc3 39. Kd3 d5 0-1

[Event "GER-ch 93rd"]
[Site "Magdeburg"]
[Date "2022.08.16"]
[Round "3"]
[White "Parvanyan, Ashot"]
[Black "Dobrikov, Marco"]
[Result "1-0"]
[WhiteElo "2424"]
[BlackElo "2223"]
[EventDate "2022.08.14"]
[PlyCount "65"]

1. e4 c5 2. Nf3 d6 3. d4 cxd4 4. Nxd4 Nf6 5. Nc3 a6 6. Be3 e5 7. Nf3 Be7 8. Bc4 Be6 9. Bb3 O-O 10. O-O Nc6 11. Bg5 Nd7 12. Bxe7 Qxe7 13. Nd5 Bxd5 14. Bxd5 Nf6 15. c3 Qc7 16. Re1 Rad8 17. Qd3 Nxd5 18. Qxd5 Ne7 19. Qb3 Ng6 20. Rad1 Nf4 21. g3 Qc8 22. Re3 Qg4 23. Kh1 Nh3 24. Rd2 Kh8 25. Ng1 f5 26. exf5 Rxf5 27. Nxh3 Qxh3 28. Kg1 b5 29. Qe6 Rdf8 30. Rf3 h6 31. Rxd6 R8f6 32. Qc8+ Rf8 33. Rd8 1-0

[Event "GER-ch 93rd"]
[Site "Magdeburg"]
[Date "2022.08.16"]
[Round "3"]
[White "Richter, Nils"]
[Black "Malek, Daniel"]
[Result "1-0"]
[WhiteElo "2328"]
[BlackElo "2365"]
[EventDate "2022.08.14"]
[PlyCount "179"]

1. d4 Nf6 2. c4 e6 3. g3 d5 4. Bg2 dxc4 5. Nf3 c5 6. O-O Nc6 7. dxc5 Qxd1 8. Rxd1 Bxc5 9. Nbd2 c3 10. bxc3 O-O 11. Nb3 Be7 12. Nfd4 Nxd4 13. cxd4 Nd5 14. Bd2 f5 15. Na5 b6 16. Nc6 Bd6 17. Bb4 Nxb4 18. Nxb4 Rb8 19. Nc6 Rb7 20. Rac1 Rc7 21. Rd3 Bd7 22. Ne7+ Kf7 23. Rxc7 Bxc7 24. Nc6 a5 25. d5 exd5 26. Bxd5+ Kf6 27. Bf3 Bxc6 28. Bxc6 Rd8 29. Rc3 Bd6 30. Rd3 Be7 31. Bd7 g6 32. a4 Rb8 33. Kg2 Rb7 34. Bb5 Bc5 35. Rd8 Re7 36. Rc8 Re4 37. Kf3 h5 38. h4 Bb4 39. Bc4 Bc5 40. Rc6+ Kg7 41. Bb5 Kf7 42. Kg2 Kg7 43. Rc7+ Re7 44. Rc8 Re4 45. Kf3 Kf7 46. Bc6 Re7 47. Bd5+ Kg7 48. e3 Rd7 49. Bc4 Re7 50. Ke2 Bb4 51. Rc6 Bc5 52. Be6 Kf6 53. Bd5+ Kg7 54. Bc4 Kh7 55. Be6 Kg7 56. Kd3 Kf6 57. Bd5+ Kg7 58. Ke2 Re5 59. Be6 Kf6 60. Bc4+ Kg7 61. Bd3 Re7 62. Kf3 Rd7 63. Bc4 Re7 64. Bb3 Re5 65. Bc2 Re8 66. Kf4 Kh7 67. Rc7+ Re7 68. Rc6 Re8 69. Bb1 Kg7 70. Kf3 Re7 71. Bd3 Re5 72. e4 fxe4+ 73. Bxe4 Bxf2 74. Rxg6+ Kf7 75. Kxf2 Rxe4 76. Rxb6 Rxa4 77. Rh6 Rb4 78. Rxh5 a4 79. Ra5 Kg6 80. Kg2 Rc4 81. Kh3 Rb4 82. Ra6+ Kf5 83. g4+ Kf4 84. h5 Rb3+ 85. Kh4 a3 86. Ra4+ Kf3 87. h6 Rb1 88. Rxa3+ Kf4 89. Ra4+ Kf3 90. Kh5 1-0

[Event "GER-ch 93rd"]
[Site "Magdeburg"]
[Date "2022.08.16"]
[Round "3"]
[White "Roseneck, Jonas"]
[Black "Bethke, Richard"]
[Result "1/2-1/2"]
[WhiteElo "2384"]
[BlackElo "2357"]
[EventDate "2022.08.14"]
[PlyCount "140"]

1. d4 f5 2. Bg5 h6 3. Bh4 g5 4. e3 Nf6 5. Bg3 d6 6. Nc3 Bg7 7. h4 g4 8. Bc4 Nc6 9. Nge2 Nh5 10. Qd3 e6 11. O-O-O Qe7 12. e4 f4 13. Nxf4 Nxf4 14. Bxf4 Nxd4 15. e5 dxe5 16. Be3 Nf5 17. Ne4 Nxe3 18. Bb5+ c6 19. Nd6+ Kd8 20. fxe3 Kc7 21. Qa3 Rd8 22. Qa5+ b6 23. Nxc8 Qc5 24. Qa6 Qxb5 25. Qxb5 Rxd1+ 26. Rxd1 cxb5 27. Nd6 a6 28. Ne4 Rf8 29. Rd6 Rf1+ 30. Kd2 Rg1 31. Rxe6 Rxg2+ 32. Kd3 Bf8 33. Re8 Bd6 34. Rh8 Be7 35. Rh7 Kd8 36. Rxh6 Rg1 37. h5 g3 38. Rg6 g2 39. Ke2 Rh1 40. Rxg2 Rxh5 41. Rg6 Kc7 42. Re6 Bd8 43. Kd3 b4 44. Nd2 Kd7 45. Rg6 a5 46. Ke4 Rh2 47. Nc4 Rxc2 48. Kd5 Bc7 49. Rg7+ Kc8 50. Rg8+ Kb7 51. Rg7 Kc8 52. Rg8+ Kb7 53. Rg7 a4 54. Nd6+ Ka6 55. Nc4 b5 56. Rxc7 bxc4 57. Rc6+ Kb5 58. Rc5+ Kb6 59. Rc6+ Kb5 60. Rc5+ Kb6 61. Rc6+ Kb7 62. Rxc4 Rxb2 63. Kc5 b3 64. axb3 a3 65. Rb4+ Kc7 66. Ra4 Rxb3 67. e4 Rd3 68. Ra7+ Kb8 69. Ra5 Kb7 70. Ra4 Kc7 1/2-1/2

[Event "GER-ch 93rd"]
[Site "Magdeburg"]
[Date "2022.08.16"]
[Round "3"]
[White "Vogel, Roven"]
[Black "Yi, Danny"]
[Result "1-0"]
[WhiteElo "2459"]
[BlackElo "2273"]
[EventDate "2022.08.14"]
[PlyCount "77"]

1. Nf3 Nf6 2. c4 g6 3. Nc3 d5 4. cxd5 Nxd5 5. h4 h6 6. e4 Nxc3 7. dxc3 Qxd1+ 8. Kxd1 Bg7 9. Kc2 O-O 10. h5 g5 11. Nd4 e5 12. Nb5 Na6 13. Be3 b6 14. Bc4 Bb7 15. f3 Rfd8 16. Rhd1 Bf8 17. b4 Bd6 18. a4 Kf8 19. Nxd6 Rxd6 20. Rxd6 cxd6 21. a5 Nc7 22. axb6 axb6 23. Rxa8+ Nxa8 24. b5 Ke7 25. Bd5 Bxd5 26. exd5 f5 27. g4 fxg4 28. fxg4 Nc7 29. c4 Ne8 30. Bxb6 Nf6 31. Bc7 Kd7 32. b6 Nxg4 33. Bxd6 Kxd6 34. c5+ Kd7 35. c6+ Kc8 36. d6 Ne3+ 37. Kc1 Nd5 38. b7+ Kb8 39. d7 1-0

[Event "GER-ch 93rd"]
[Site "Magdeburg"]
[Date "2022.08.16"]
[Round "3"]
[White "Wachinger, Nikolas"]
[Black "Langheinrich, Ferenc"]
[Result "0-1"]
[WhiteElo "2442"]
[BlackElo "2357"]
[EventDate "2022.08.14"]
[PlyCount "78"]

1. e4 c5 2. Nf3 Nc6 3. Bb5 e6 4. O-O Nge7 5. Re1 h6 6. c3 a6 7. Bf1 d5 8. d3 g5 9. exd5 Nxd5 10. Nbd2 Bg7 11. Nc4 Nde7 12. a4 Ng6 13. a5 O-O 14. Be3 e5 15. Bxc5 Re8 16. Nfd2 Bf8 17. Ne4 Bxc5 18. Nxc5 Kg7 19. g3 h5 20. Bg2 h4 21. Nb6 Rb8 22. Nxa6 bxa6 23. Bxc6 hxg3 24. hxg3 Rh8 25. Qf3 Be6 26. b4 g4 27. Qe3 Rh5 28. Kf1 f5 29. Ke2 f4 30. gxf4 Rh3 31. Qe4 Nxf4+ 32. Kf1 Rh5 33. Re3 Qh4 34. Ke1 Rf8 35. Rg3 Qh2 36. Qe3 Nxd3+ 37. Qxd3 Qxf2+ 38. Kd1 Rh2 39. Bg2 Qg1+ 0-1

[Event "GER-ch 93rd"]
[Site "Magdeburg"]
[Date "2022.08.16"]
[Round "3"]
[White "Westphal, Wolfgang"]
[Black "Koehler, Christian Friedrich"]
[Result "0-1"]
[WhiteElo "2175"]
[BlackElo "2285"]
[EventDate "2022.08.14"]
[PlyCount "126"]

1. Nc3 d5 2. e4 c6 3. Nf3 Bg4 4. h3 Bxf3 5. Qxf3 Nf6 6. exd5 cxd5 7. Bb5+ Nc6 8. O-O e6 9. d4 Be7 10. Ne2 Qb6 11. Qb3 O-O 12. c3 Rac8 13. Bd3 Qc7 14. Bf4 Qd7 15. Rad1 a6 16. Bb1 b5 17. Be5 Qb7 18. Bxf6 Bxf6 19. Nf4 g6 20. Nd3 Na5 21. Qa3 Nc4 22. Qb3 Be7 23. Rfe1 Bd6 24. Re2 Rc6 25. Ne5 Bxe5 26. dxe5 a5 27. Bd3 Rb8 28. Bxc4 Rxc4 29. Rd4 a4 30. Qd1 a3 31. Qd2 Qc6 32. Re3 axb2 33. Qxb2 Ra8 34. Rxc4 bxc4 35. Qd2 Ra3 36. Rf3 Qc7 37. Qf4 Rxa2 38. h4 Ra1+ 39. Kh2 Re1 40. Re3 Rxe3 41. Qxe3 f6 42. f4 fxe5 43. fxe5 Qf7 44. g3 Qf5 45. Kg2 Kg7 46. Qa7+ Kh6 47. Qe3+ g5 48. hxg5+ Qxg5 49. Qd4 Kg6 50. Kh2 h5 51. Qf2 Qxe5 52. Qf8 Qf6 53. Qg8+ Kf5 54. Qh7+ Qg6 55. Qc7 Ke4 56. Qb7 Qg4 57. Qb1+ Ke3 58. Qb8 Kd3 59. Qb4 Kc2 60. Qa3 h4 61. gxh4 Qxh4+ 62. Kg2 Qg5+ 63. Kh3 Qe3+ 0-1

[Event "GER-ch 93rd"]
[Site "Magdeburg"]
[Date "2022.08.16"]
[Round "4"]
[White "Arnold, Max"]
[Black "Gungl, Theo"]
[Result "1/2-1/2"]
[WhiteElo "2350"]
[BlackElo "2366"]
[EventDate "2022.08.14"]
[PlyCount "80"]

1. e4 c5 2. Nf3 d6 3. d4 cxd4 4. Nxd4 Nf6 5. Nc3 a6 6. Bd3 e6 7. O-O Nc6 8. Nxc6 bxc6 9. b3 Be7 10. Bb2 Bb7 11. Qe2 Qc7 12. Na4 c5 13. c4 Bc6 14. Nc3 O-O 15. Rae1 Nd7 16. Nd5 Bxd5 17. exd5 e5 18. f4 Bf6 19. Qe4 g6 20. f5 Qd8 21. Re3 Qe7 22. Rh3 Rfe8 23. Rhf3 Bg7 24. fxg6 fxg6 25. Bc2 Rf8 26. Bc1 Rxf3 27. Rxf3 Rf8 28. Rxf8+ Qxf8 29. Qg4 Bh6 30. Qe6+ Kh8 31. Bxh6 Qxh6 32. Qxd7 Qc1+ 33. Kf2 Qxc2+ 34. Kg3 Qd3+ 35. Kh4 Qd4+ 36. Kh3 Qe3+ 37. g3 Qh6+ 38. Kg2 Qd2+ 39. Kh3 Qh6+ 40. Kg2 Qd2+ 1/2-1/2

[Event "GER-ch 93rd"]
[Site "Magdeburg"]
[Date "2022.08.16"]
[Round "4"]
[White "Bethke, Richard"]
[Black "Parvanyan, Ashot"]
[Result "0-1"]
[WhiteElo "2357"]
[BlackElo "2424"]
[EventDate "2022.08.14"]
[PlyCount "42"]

1. e4 e5 2. Nf3 Nc6 3. Bc4 Bc5 4. O-O Nf6 5. d3 O-O 6. a4 a5 7. Nbd2 d6 8. c3 Be6 9. Bb5 Ba7 10. h3 Ne7 11. d4 c6 12. Bd3 Ng6 13. Re1 Nh5 14. Nc4 Nhf4 15. dxe5 dxe5 16. Ncxe5 Nxe5 17. Nxe5 Qh4 18. Qf3 Ng6 19. Nxc6 bxc6 20. e5 Bd5 21. Qf5 Qg3 0-1

[Event "GER-ch 93rd"]
[Site "Magdeburg"]
[Date "2022.08.16"]
[Round "4"]
[White "Bracker, Arne"]
[Black "Becker, Stefan"]
[Result "1-0"]
[WhiteElo "2295"]
[BlackElo "2101"]
[EventDate "2022.08.14"]
[PlyCount "67"]

1. e4 c5 2. Nf3 e6 3. d4 cxd4 4. Nxd4 a6 5. Bd3 Nf6 6. O-O Qc7 7. Qe2 d6 8. f4 g6 9. f5 Bg7 10. Bg5 O-O 11. Nd2 exf5 12. exf5 Nc6 13. Nxc6 Qxc6 14. Kh1 d5 15. Rae1 Bd7 16. Qf3 Rae8 17. Rxe8 Bxe8 18. Nb3 Bd7 19. Nd4 Qd6 20. c3 Ne4 21. Bxe4 dxe4 22. Qxe4 Bxd4 23. cxd4 Bxf5 24. Qxb7 Rb8 25. Qf3 Rxb2 26. Bh6 f6 27. h3 Kf7 28. Qc3 Rxa2 29. Qb3+ Be6 30. Qb7+ Qd7 31. Qb4 Qd8 32. Bg5 Bf5 33. Qb3+ Be6 34. Rxf6+ 1-0

[Event "GER-ch 93rd"]
[Site "Magdeburg"]
[Date "2022.08.16"]
[Round "4"]
[White "Braun, Georg"]
[Black "Colpe, Malte"]
[Result "1-0"]
[WhiteElo "2398"]
[BlackElo "2363"]
[EventDate "2022.08.14"]
[PlyCount "125"]

1. c4 e6 2. g3 d5 3. Bg2 Nf6 4. Nf3 Be7 5. O-O O-O 6. b3 d4 7. e3 c5 8. exd4 cxd4 9. Re1 Nc6 10. d3 Bb4 11. Re2 a5 12. Na3 Nd7 13. Nb5 e5 14. a3 Be7 15. Rb1 f6 16. Qd2 Nb6 17. Re1 Kh8 18. Qc2 Bg4 19. Bd2 Qd7 20. Kh1 Bh3 21. Qd1 Bxg2+ 22. Kxg2 Rae8 23. Kg1 Bd8 24. b4 axb4 25. Bxb4 Nxb4 26. Rxb4 Be7 27. Rb1 Bc5 28. Nd2 Ra8 29. Qf3 Na4 30. Rec1 Rfd8 31. Nb3 Bf8 32. Ra1 Nc3 33. Nxc3 dxc3 34. Rxc3 Rxa3 35. Rxa3 Bxa3 36. Nc1 Bc5 37. Kg2 h6 38. Rb3 b6 39. Rb5 Ba3 40. Rd5 Qc7 41. Rxd8+ Qxd8 42. Na2 Bc5 43. Nc3 Qd4 44. Ne4 Kg8 45. h4 Bf8 46. h5 Be7 47. g4 Qd7 48. Ng3 b5 49. cxb5 Qxb5 50. Nf5 Qd7 51. Qa8+ Bf8 52. Qe4 Be7 53. Nh4 f5 54. Nxf5 Bf6 55. Kf3 Qb5 56. Qc4+ Qxc4 57. dxc4 Kf7 58. c5 g6 59. hxg6+ Kxg6 60. c6 Bd8 61. Ne7+ Kg5 62. Nd5 e4+ 63. Kg3 1-0

[Event "GER-ch 93rd"]
[Site "Magdeburg"]
[Date "2022.08.16"]
[Round "4"]
[White "Carlstedt, Jonathan"]
[Black "Schulz, Lukas"]
[Result "1/2-1/2"]
[WhiteElo "2439"]
[BlackElo "2271"]
[EventDate "2022.08.14"]
[PlyCount "80"]

1. d4 Nf6 2. c4 g6 3. Nc3 Bg7 4. e4 d6 5. f4 O-O 6. Nf3 c5 7. d5 e6 8. Be2 b5 9. dxe6 Bxe6 10. cxb5 a6 11. bxa6 Nxa6 12. O-O Qb6 13. Kh1 Nb4 14. a3 Nc6 15. f5 Bb3 16. Qxd6 Rad8 17. Qf4 Rfe8 18. fxg6 hxg6 19. a4 Nd4 20. Bb5 Nxb5 21. axb5 Bc4 22. Re1 Bxb5 23. Qh4 Rd7 24. Bg5 Bd3 25. Nd5 Nxd5 26. exd5 Rxe1+ 27. Rxe1 f6 28. Bc1 Rxd5 29. h3 Qc6 30. Qg3 Rd8 31. Qh4 Re8 32. Rxe8+ Qxe8 33. Qf2 c4 34. Be3 Be4 35. Bd4 Bd5 36. Nd2 Qe6 37. Kg1 Kf7 38. Nf3 Kg8 39. Nd2 Kf7 40. Nf3 Kg8 1/2-1/2

[Event "GER-ch 93rd"]
[Site "Magdeburg"]
[Date "2022.08.16"]
[Round "4"]
[White "Dobrikov, Marco"]
[Black "Florstedt, Johannes"]
[Result "0-1"]
[WhiteElo "2223"]
[BlackElo "2359"]
[EventDate "2022.08.14"]
[PlyCount "80"]

1. e4 c5 2. Nf3 d6 3. d4 cxd4 4. Nxd4 Nf6 5. Nc3 a6 6. h3 e5 7. Nde2 h5 8. Bg5 Be6 9. Bxf6 Qxf6 10. Nd5 Qd8 11. Qd3 Nd7 12. O-O-O g6 13. Kb1 Nc5 14. Qa3 h4 15. Nec3 Bg7 16. Bc4 b5 17. Bb3 Rb8 18. Nb4 a5 19. Nc6 Qb6 20. Nxb8 b4 21. Ba4+ Kf8 22. Nd5 Qxb8 23. Qe3 Nxa4 24. Ka1 Bh6 25. Qf3 Bg5 26. Qe2 Nc5 27. Rhf1 Kg7 28. f4 Bxd5 29. fxg5 Bxe4 30. Rf6 d5 31. Rc6 Rc8 32. Rxc8 Qxc8 33. Qf2 Nd7 34. Rc1 a4 35. Qxh4 a3 36. Qg3 d4 37. c4 bxc3 38. bxc3 Qb7 39. Qf2 dxc3 40. Rf1 Qb2+ 0-1

[Event "GER-ch 93rd"]
[Site "Magdeburg"]
[Date "2022.08.16"]
[Round "4"]
[White "Farokhi, Keyvan"]
[Black "Cofman, Veaceslav"]
[Result "1-0"]
[WhiteElo "2313"]
[BlackElo "2287"]
[EventDate "2022.08.14"]
[PlyCount "55"]

1. d4 Nf6 2. c4 c5 3. d5 b5 4. cxb5 a6 5. bxa6 Bxa6 6. Nc3 d6 7. e4 Bxf1 8. Kxf1 g6 9. Nf3 Nbd7 10. g3 Bg7 11. Kg2 O-O 12. a4 Qb6 13. Ra3 Rfb8 14. Nd2 Qa6 15. Nb5 Qc8 16. b3 Ne8 17. Nc4 Nc7 18. Nxc7 Qxc7 19. Qc2 Nb6 20. Bd2 Nxc4 21. Qxc4 Qb7 22. Rb1 Qd7 23. b4 Rxa4 24. bxc5 Raa8 25. c6 Qe8 26. c7 Rc8 27. Rxa8 Rxa8 28. Qc6 1-0

[Event "GER-ch 93rd"]
[Site "Magdeburg"]
[Date "2022.08.16"]
[Round "4"]
[White "Feidt, Jonas"]
[Black "Becker, Michael"]
[Result "1/2-1/2"]
[WhiteElo "1901"]
[BlackElo "2282"]
[EventDate "2022.08.14"]
[PlyCount "155"]

1. c4 c5 2. g3 Nc6 3. Bg2 g6 4. Nf3 Bg7 5. Nc3 d6 6. O-O e5 7. a3 a5 8. d3 Nge7 9. Bg5 f6 10. Bd2 Be6 11. Ne1 d5 12. cxd5 Nxd5 13. Qb3 Nc7 14. Bxc6+ bxc6 15. Qb6 O-O 16. Qxc5 Ra6 17. Nf3 Rf7 18. Ne4 Nd5 19. Qc2 Bg4 20. Nc5 Ra8 21. Rfd1 Bf8 22. Be3 Nxe3 23. fxe3 Qd5 24. Ne4 Rb8 25. Nc3 Qe6 26. d4 Bh6 27. e4 Be3+ 28. Kg2 Bh3+ 29. Kh1 exd4 30. Nxd4 Qc4 31. Nf3 Re7 32. Rab1 f5 33. Qd3 Qc5 34. e5 Rbe8 35. b4 axb4 36. axb4 Qb6 37. Na4 Qa7 38. Nc5 Bxc5 39. Qc4+ Kg7 40. bxc5 Bg4 41. Qc3 Qa2 42. Rb2 Qa4 43. Rdb1 Qe4 44. Kg1 Bxf3 45. exf3 Qxe5 46. Qxe5+ Rxe5 47. Rc2 Re1+ 48. Rxe1 Rxe1+ 49. Kf2 Re5 50. f4 Rd5 51. Kf3 Kf6 52. Ke3 h6 53. h4 g5 54. hxg5+ hxg5 55. fxg5+ Kxg5 56. Kf3 Rd3+ 57. Kg2 Kf6 58. Kf2 Kg5 59. Rc4 Rd5 60. Kf3 Kf6 61. Kf4 Rd1 62. g4 fxg4 63. Kxg4 Ke5 64. Kf3 Kd5 65. Rc2 Rh1 66. Ke3 Ra1 67. Kd3 Ra3+ 68. Kd2 Kd4 69. Rb2 Rd3+ 70. Kc2 Rc3+ 71. Kd2 Rxc5 72. Rb8 Rh5 73. Rg8 Rh2+ 74. Kc1 c5 75. Rg7 c4 76. Rg3 c3 77. Rg8 Kd3 78. Rd8+ 1/2-1/2

[Event "GER-ch 93rd"]
[Site "Magdeburg"]
[Date "2022.08.16"]
[Round "4"]
[White "Feuerstack, Aljoscha"]
[Black "Dahl, Christoph"]
[Result "0-1"]
[WhiteElo "2477"]
[BlackElo "2348"]
[EventDate "2022.08.14"]
[PlyCount "150"]

1. d4 Nf6 2. c4 g6 3. g3 Bg7 4. Bg2 O-O 5. Nc3 d6 6. Nf3 Nbd7 7. O-O e5 8. e4 a6 9. h3 b5 10. dxe5 dxe5 11. Qc2 c6 12. Be3 Qe7 13. Nd2 Bb7 14. Nb3 Rab8 15. c5 Rfd8 16. a4 Nf8 17. axb5 axb5 18. Ra7 Ra8 19. Rfa1 Rxa7 20. Rxa7 Ra8 21. Rxa8 Bxa8 22. Qd1 Ne6 23. h4 Bf8 24. Qa1 Bb7 25. Bf3 Qd7 26. Ne2 Bc8 27. Qb1 b4 28. Kg2 Ba6 29. Qe1 Qb7 30. Nec1 Nd7 31. Na2 Nexc5 32. Nxc5 Bxc5 33. Bxc5 Nxc5 34. Qxb4 Nd3 35. Qxb7 Bxb7 36. Be2 Nxb2 37. Nc3 Kf8 38. f4 Ke7 39. Kf3 Kd6 40. Ke3 Bc8 41. Kd2 Be6 42. Kc1 Nc4 43. f5 gxf5 44. exf5 Bd5 45. Bxc4 Bxc4 46. Ne4+ Ke7 47. Kd2 Bd5 48. Nf2 h5 49. g4 hxg4 50. Nxg4 f6 51. h5 Be4 52. Ne3 Kf7 53. h6 Bf3 54. Nc4 Kg8 55. Nd6 Kh7 56. Ne8 Kxh6 57. Nxf6 Kg5 58. Nd7 Kxf5 59. Ke3 Bd5 60. Nc5 Bh1 61. Kd2 Bg2 62. Ke3 Kf6 63. Kf2 Bh3 64. Ke3 Bf5 65. Kd2 e4 66. Ke3 Ke5 67. Nb3 Kd5 68. Kd2 c5 69. Na5 Bd7 70. Ke3 Ba4 71. Kd2 Kd4 72. Nb7 e3+ 73. Ke2 Bb5+ 74. Ke1 c4 75. Na5 Ba4 0-1

[Event "GER-ch 93rd"]
[Site "Magdeburg"]
[Date "2022.08.16"]
[Round "4"]
[White "Keller, Peter1"]
[Black "Vogel, Roven"]
[Result "0-1"]
[WhiteElo "2377"]
[BlackElo "2459"]
[EventDate "2022.08.14"]
[PlyCount "90"]

1. e4 c5 2. Nf3 d6 3. Bb5+ Bd7 4. c4 a6 5. Bxd7+ Nxd7 6. Nc3 Ngf6 7. O-O Rc8 8. d3 e6 9. Kh1 Be7 10. Ng1 Ne5 11. f4 Nc6 12. Nge2 O-O 13. Qe1 Nd7 14. Qg3 Bf6 15. Qh3 Bd4 16. Bd2 Qe7 17. Rab1 Bf6 18. a3 Rb8 19. b4 cxb4 20. axb4 b5 21. c5 Bxc3 22. cxd6 Qxd6 23. Bxc3 f6 24. Qg4 Rf7 25. d4 f5 26. exf5 exf5 27. Qg5 h6 28. Qg3 Nf6 29. d5 Qxd5 30. Bxf6 Rxf6 31. Rbd1 Qe6 32. Rfe1 Nxb4 33. Nd4 Qf7 34. Nf3 Nc6 35. Ne5 Nxe5 36. fxe5 Re6 37. Rd5 Rbe8 38. h3 Rg6 39. Qd3 Rg3 40. Qd4 f4 41. Kh2 Re3 42. Rc1 Re2 43. Rd7 Qg6 44. Qd5+ Kh7 45. Kh1 R8xe5 0-1

[Event "GER-ch 93rd"]
[Site "Magdeburg"]
[Date "2022.08.16"]
[Round "4"]
[White "Koehler, Christian Friedrich"]
[Black "Costa, Leonardo"]
[Result "0-1"]
[WhiteElo "2285"]
[BlackElo "2326"]
[EventDate "2022.08.14"]
[PlyCount "80"]

1. c4 Nf6 2. Nc3 g6 3. e4 d6 4. g3 Bg7 5. Bg2 O-O 6. Nge2 c5 7. O-O Nc6 8. d3 Ne8 9. Be3 Nc7 10. d4 cxd4 11. Nxd4 Ne5 12. b3 Ng4 13. Bc1 Ne6 14. Nde2 a6 15. h3 Nf6 16. Be3 Rb8 17. a4 a5 18. Qc2 b6 19. Rad1 Nd7 20. f4 Bb7 21. Nb5 Bc6 22. Ned4 Nxd4 23. Nxd4 Bxd4 24. Rxd4 Qc7 25. Rd2 Nc5 26. f5 e5 27. Bh6 Rfe8 28. Re2 Rb7 29. Qc3 Qd8 30. f6 Re6 31. Bg7 Rc7 32. Qe3 Nd7 33. Ref2 Qa8 34. Qh6 Nc5 35. Rf4 exf4 36. Rxf4 Re5 37. Bf3 g5 38. Rg4 Bxe4 39. Bh8 Ne6 40. Bxe4 Rxe4 0-1

[Event "GER-ch 93rd"]
[Site "Magdeburg"]
[Date "2022.08.16"]
[Round "4"]
[White "Krastev, Alexander"]
[Black "Roseneck, Jonas"]
[Result "1-0"]
[WhiteElo "2428"]
[BlackElo "2384"]
[EventDate "2022.08.14"]
[PlyCount "123"]

1. e4 e5 2. Nc3 Nc6 3. g3 Bc5 4. Bg2 Nf6 5. Nge2 d6 6. Na4 h5 7. h3 a6 8. Nxc5 dxc5 9. d3 Be6 10. Be3 Qd6 11. O-O h4 12. g4 Nd7 13. c3 O-O-O 14. Qc2 f6 15. Rad1 Nb6 16. a3 Qe7 17. b4 cxb4 18. axb4 Kb8 19. Rb1 Rd7 20. b5 axb5 21. Rxb5 Rhd8 22. Nc1 Qa3 23. Bxb6 cxb6 24. Rxb6 Rc7 25. Ne2 Bc8 26. Rfb1 Nd4 27. Nxd4 Rxd4 28. R6b3 Qa5 29. c4 Rd6 30. Qb2 Ra6 31. Bf1 Qc5 32. Ra1 Rxa1 33. Qxa1 Rc6 34. Rb5 Qa7 35. Qb2 Kc7 36. Qb4 g5 37. Qe7+ Kb8 38. Rd5 Qb6 39. Kg2 Qc7 40. Qf8 Ka7 41. Rd8 Kb8 42. Be2 Qa5 43. Bd1 Qa2 44. Qb4 Ra6 45. Qc5 Rc6 46. Qf8 Qa1 47. Bb3 Qa5 48. Qe8 Qc7 49. c5 Ka7 50. Qf8 Rxc5 51. Qxf6 Rc6 52. Qxg5 Qb6 53. Bc4 Rf6 54. Qe3 Qxe3 55. fxe3 Kb8 56. Rh8 Kc7 57. Rxh4 Bd7 58. Rh5 b5 59. Bd5 Ra6 60. Rxe5 Ra3 61. g5 Rxd3 62. g6 1-0